000 00510nam a22001817a 4500
005 20221028144143.0
008 221028b ||||| |||| 00| 0 eng d
040 _cAL
041 _aeng
082 _223
_a369.4
_bYAMN
100 _aTony Tan Keng Yam
_960429
245 _aNational Cadet Corps:
_bHundred years of distinction
260 _aSingapore
_bNational Cadet Corps
_c2000
300 _a104p.
_bHB
_c28x23cm.
650 _aNCC Camps
_960430
700 _aYAM (Tony Tan Keng)
_960431
942 _2ddc
_cGF
999 _c224935
_d224935